| 000 | 00444cam a2200193ua 4500 | ||
|---|---|---|---|
| 020 | _c4.00 | ||
| 041 |
_ahin _h |
||
| 082 |
_a891.54 _bMAH/DE |
||
| 100 | _aMahadevi varma, . | ||
| 245 |
_aDeep shikha / _cMahadevi varma. _hTextual Documents |
||
| 250 |
_a6 / _b. |
||
| 260 |
_a : _bBharati Bhandar , _c1961. |
||
| 300 | _a153 ; . | ||
| 365 | _a4.00 | ||
| 504 | _a | ||
| 942 | _cBK | ||
| 999 |
_c6400 _d6400 |
||